| 000 | 00583cam a22002291 4500 | ||
|---|---|---|---|
| 001 | 8887051 | ||
| 005 | 20180312081445.0 | ||
| 008 | 750325s1959 nju 001 0 eng | ||
| 010 | _a 59011116 | ||
| 015 | _aGB60-12566 | ||
| 035 | _a(OCoLC)1236032 | ||
| 040 |
_aDLC _cDLC _dUk _dDLC |
||
| 041 | _aeng | ||
| 042 | _apremarc | ||
| 080 | _a519.9 BOW | ||
| 082 | _a519.9 BOW | ||
| 100 | 1 | _a27 | |
| 101 | _aMEK | ||
| 245 | 1 | 0 |
_aEngineering statistics _c[by] Albert H. Bowker [and] Gerald J. Lieberman. |
| 906 |
_a7 _bcbc _coclcrpl _du _encip _f19 _gy-gencatlg |
||
| 942 |
_2ddc _cBK |
||
| 999 |
_c44737 _d44737 |
||